Palmarès Oscar 2025 - Statistiques

Statistiques générales
  • Ce quiz a été pris 90 fois
  • Le résultat moyen est 11 sur 23
Statistiques - réponses
Indice Réponse % Correct
Meilleur scénario original Anora
93%
Meilleur réalisateur Sean Baker
93%
Meilleur film Anora
91%
Meilleur montage Anora
91%
Meilleur acteur Adrien Brody
77%
Meilleure actrice Mikey Madison
70%
Meilleure chanson originale Emilia Pérez
64%
Meilleur film d'animation Flow
58%
Meilleure photographie The Brutalist
54%
Meilleure musique de film The Brutalist
54%
Meilleure actrice dans un second rôle Zoe Saldaña
49%
Meilleurs décors Wicked
48%
Meilleurs costumes Wicked
48%
Meilleur acteur dans un second rôle Kieran Culkin
46%
Meilleurs maquillages et coiffures The Substance
40%
Meilleur scénario adapté Conclave
35%
Meilleur film international Je suis toujours là
30%
Meilleur son Dune, deuxième partie
28%
Meilleurs effets visuels Dune, deuxième partie
28%
Meilleur film documentaire No Other Land
9%
Meilleur court métrage I'm Not a Robot
6%
Meilleur court métrage d'animation In the Shadow of the Cypress
6%
Meilleur court métrage documentaire The Only Girl in the Orchestra
4%
Aucun quiz correspondant
Distribution des résultats
% des personnes avec chaque résultat
Percentile par nombre de réponses
Votre historique - résultats
Vous n’avez pas pris ce quiz